000 00797cam a2200301 4500500
005 20260405002823.0
041 _afre
042 _adc
100 1 0 _aDuru, Martin
_eauthor
245 0 0 _aPop, la bande-son de l’utopie
260 _c2018.
500 _a58
690 _aAdorno
690 _aAretha Franklin
690 _aBeatles
690 _aBob Dylan
690 _aCobain
690 _aKendrick Lamar
690 _aKurt
690 _aMartin Duru
690 _aMichael Jackson
690 _aMusique
690 _aNirvana
690 _aPop
690 _aRita Mitsouko
786 0 _nPhilosophie magazine | 124 | 11 | 2018-11-01 | p. 18-20 | 1951-1787
856 4 1 _uhttps://shs.cairn.info/magazine-philosophie-magazine-2018-11-page-18?lang=fr&redirect-ssocas=7080
999 _c2061443
_d2061443